The Deadliest Events in US History - Statistics

General Stats
  • This quiz has been taken 1,511 times
  • The average score is 6 of 12
Answer Stats
Deaths Event % Correct
405,400 World War II
88%
116,516 World War I
87%
750,000 The US Civil War
85%
2,974 The September 11th Terrorist Attacks
78%
58,220 The Vietnam War
69%
36,914 The Korean War
59%
534,000 The COVID-19 Pandemic
39%
3,000 The 1906 San Francisco Earthquake and Fire
31%
2390 The Attack on Pearl Harbor
24%
675,000 The 1918 Flu Pandemic
12%
700,000 The HIV/AIDS Epidemic
10%
8,000 The 1900 Galveston Hurricane
7%
No matching quizzes found
Score Distribution
Percent of People with Each Score
Percentile by Number Answered
Your Score History
You have not taken this quiz